maquiagens - Statistics

Estatísticas Gerais
  • Esse quiz foi jogado 205 vezes
  • A pontuação média é 8 de 13
Estatísticas das Respostas
Hint Resposta % Correto
pele base
96%
boca batom
95%
olhos sombra
95%
olhos rimel
93%
pele blush
87%
pele corretivo
82%
pele contorno
74%
pele iluminador
74%
pele primer
48%
boca lapis de boca
35%
sombrancelha gel
34%
olhos cilios
33%
olhos lapis para olhos
2%
Nenhum quiz correspondente encontrado
Distribuição das Pontuações
Porcentagem de Pessoas com Cada Pontuação
Percentil de Números Respondidos
Sua Pontuação Histórica
Você não jogou esse quiz